Memorandum submitted to the Eighth Finance Commission (Record no. 486300)

000 -LEADER
fixed length control field 00410cam a22001217a 4500
008 - FIXED-LENGTH DATA ELEMENTS--GENERAL INFORMATION
fixed length control field 180718b1982 xxu||||| |||| 00| 0 eng d
082 ## - DEWEY DECIMAL CLASSIFICATION NUMBER
Classification number Lx54112 N131/8/M
245 ## - TITLE STATEMENT
Title Memorandum submitted to the Eighth Finance Commission
Statement of responsibility, etc. by Finance Department, Nagaland
260 ## - PUBLICATION, DISTRIBUTION, ETC.
Place of publication, distribution, etc. Kohima
Name of publisher, distributor, etc. Finance Department
Date of publication, distribution, etc. 1982
300 ## - PHYSICAL DESCRIPTION
Extent 75p.
650 ## - SUBJECT ADDED ENTRY--TOPICAL TERM
Topical term or geographic name entry element Finance, Public - Reports - India
700 ## - ADDED ENTRY--PERSONAL NAME
Personal name Nagaland. Finance Department
Holdings
Withdrawn status Lost status Damaged status Not for loan Permanent Location Current Location Date acquired Full call number Barcode Date last seen Price effective from Koha item type
        Indian Institute of Public Administration Indian Institute of Public Administration 2018-08-04 Lx54112 N131/8/M GG32375 2018-08-04 2018-08-04 GG

Powered by Koha